00321 a2200145 450000100060000002000150000604000240002110000220004524000290006724500240009630000070012036200060012744000110013365000310014444964 a8526006452 cAnchieta - Aquarius aLessa, Orígenes10aO menino e a sombralpor10aO menino e a sombra a240 a0 1aGlobal 4aLiteratura infanto-juvenil